[Event "Sydney International Open"]
[Site "Parramatta AUS"]
[Date "2009.04.17"]
[Round "6"]
[White "Yuan,Y2"]
[Black "Stojic,D"]
[Result "1-0"]
[WhiteElo "2010"]
[BlackElo "2229"]

1.e4 c5 2.c3 Nf6 3.e5 Nd5 4.Na3 d6 5.exd6 Qxd6 6.Nf3 Nc6 7.d4 cxd4 8.Nb5 Qd8
9.Bc4 Nc7 10.Nfxd4 e5 11.Qf3 Qd7 12.Nxc6 bxc6 13.Bxf7+ Kd8 14.Bg5+ Be7 15.Rd1 Nxb5
16.Rxd7+ Bxd7 17.Bxe7+ Kxe7 18.Bb3 Kd6 19.a4 Nc7 20.O-O Rhf8 21.Qd3+ Ke7
22.Rd1 Nd5 23.Bxd5 cxd5 24.Qxd5 Be6 25.Qxe5 Kf7 26.f4  1-0

[Event "TCh-NED 2008-9"]
[Site "Netherlands NED"]
[Date "2009.04.18"]
[Round "8"]
[White "Lemmers,O"]
[Black "Michielsen,J"]
[Result "0-1"]
[WhiteElo "2388"]
[BlackElo "2316"]

1.e4 c5 2.c3 Nf6 3.e5 Nd5 4.Bc4 e6 5.Nf3 d6 6.O-O Nc6 7.d4 cxd4 8.cxd4 Be7
9.Re1 O-O 10.exd6 Qxd6 11.Nc3 Nxc3 12.bxc3 Qd8 13.Bd3 b6 14.Rb1 Bb7 15.h4 Bxh4
16.Nxh4 Qxh4 17.Re3 g6 18.Rg3 Qf6 19.Bh6 Rfe8 20.Bg5 Qg7 21.Qf3 f5 22.Qf4 Rac8
23.Qh4 Na5 24.Bf6 Qf7 25.Be2 Rf8 26.Be5 Nc6 27.Bf4 Ne7 28.c4 Ba6 29.Rc1 Nc6
30.Bg5 Na5 31.Rgc3 Rc7 32.Bf1 Rfc8 33.Bf4 Rc6 34.d5 exd5 35.Re3 Re8 36.Rce1 Rxe3
37.Rxe3 Re6 38.Qd8+ Kg7 39.Bh6+ Kxh6 40.Qxd5 Re7 41.Rh3+ Kg7 42.Qd4+ Kg8  0-1

[Event "K41 Scandinavian Open"]
[Site "Copenhagen DEN"]
[Date "2009.04.19"]
[Round "3"]
[White "Pedersen,Da"]
[Black "Bekker Jensen,S"]
[Result "1/2-1/2"]
[WhiteElo "2251"]
[BlackElo "2411"]

1.e4 c5 2.c3 Nf6 3.e5 Nd5 4.d4 cxd4 5.Nf3 Nc6 6.Bc4 Nb6 7.Bb3 d6 8.exd6 Qxd6
9.O-O Be6 10.Na3 dxc3 11.Qe2 Bxb3 12.Nb5 Qb8 13.axb3 e5 14.Nfd4 Be7 15.Nf5 O-O
16.Nxc3 g6 17.Nxe7+ Nxe7 18.f4 f6 19.Ne4 Nf5 20.Ra5 Qc7 21.Rc5 Qe7 22.b4 Nd4
23.Qe3 Ne6 24.fxe5 Nxc5 25.bxc5 Nd7 26.exf6 Qe6 27.Qd4 Rf7 28.Ng5 Qe5 29.Qxe5 Nxe5
30.Nxf7 Kxf7 31.b4 Re8  1/2-1/2

[Event "11th Open St-Quentin en Yvelines"]
[Site "Elancourt FRA"]
[Date "2009.04.19"]
[Round "2"]
[White "Anciant Grasdepot,B"]
[Black "Salvador,R"]
[Result "0-1"]
[WhiteElo "1636"]
[BlackElo "2445"]

1.e4 c5 2.c3 Nf6 3.e5 Nd5 4.Bc4 Nb6 5.Bb3 c4 6.Bc2 Nc6 7.Nf3 d6 8.exd6 Qxd6
9.d4 cxd3 10.Qxd3 Qxd3 11.Bxd3 Bg4 12.Be2 e5 13.Bg5 f6 14.Bd2 O-O-O 15.h3 Bh5
16.a4 e4 17.Nh2 Bxe2 18.Kxe2 Na5 19.b4 Nac4 20.a5 Nd5 21.Bc1 Bd6 22.Ng4 f5
23.Ne3 Nf4+ 24.Ke1 Nxe3 25.fxe3 Nxg2+ 26.Kf2 Nh4 27.Rd1 Bg3+ 28.Ke2 Rxd1
29.Kxd1 Rd8+ 30.Ke2 Nf3 31.Nd2 Ng1+ 32.Kf1 Nxh3 33.Kg2 Be1 34.Ra2 Nf2 35.Kf1 Nd3
36.Ba3 Bxd2 37.Rxd2 Ne5  0-1

[Event "PWC Open"]
[Site "Toronto CAN"]
[Date "2009.04.19"]
[Round "5"]
[White "Gerzhoy,L"]
[Black "Zenyuk,I"]
[Result "1-0"]
[WhiteElo "2420"]
[BlackElo "2305"]

1.e4 c5 2.c3 Nf6 3.e5 Nd5 4.d4 cxd4 5.Nf3 e6 6.cxd4 d6 7.Nc3 Nxc3 8.bxc3 Qc7
9.Bd2 Bd7 10.Bd3 Bc6 11.exd6 Bxd6 12.O-O Nd7 13.Re1 Bxf3 14.Qxf3 Bxh2+ 15.Kh1 Bd6
16.c4 Nf6 17.Rab1 Qc6 18.Rxb7 Qxf3 19.gxf3 O-O 20.c5 Rfb8 21.Rxb8+ Bxb8 22.Be4 Nxe4
23.fxe4 Bc7 24.d5  1-0

[Event "11th Open St-Quentin en Yvelines"]
[Site "Elancourt FRA"]
[Date "2009.04.21"]
[Round "5"]
[White "Cheymol,E"]
[Black "Salvador,R"]
[Result "0-1"]
[WhiteElo "2188"]
[BlackElo "2445"]

1.e4 c5 2.c3 Nf6 3.e5 Nd5 4.d4 cxd4 5.Nf3 e6 6.cxd4 d6 7.Bd3 dxe5 8.dxe5 Na6
9.O-O Nc5 10.Bc4 Be7 11.Qd4 Nb6 12.Be2 Qxd4 13.Nxd4 O-O 14.Nc3 Rd8 15.Be3 Nca4
16.Nxa4 Nxa4 17.Rab1 Nb6 18.Rbd1 Nd5 19.Bc1 Bd7 20.Bc4 Nb6 21.Bb3 Rac8 22.Rfe1 Ba4
23.Bxa4 Nxa4 24.Nb3 Rc2 25.Rxd8+ Bxd8 26.Rd1 Bc7 27.Nd4 Rc5 28.Nb3 Rc4 29.Kf1 h6
30.f4 g5 31.g3 gxf4 32.gxf4 Bb6 33.Ke2 Kg7 34.Kd3 Rc8 35.Re1 Kg6 36.Re4 Nc5+
37.Nxc5 Rxc5 38.Bd2 Rd5+ 39.Ke2 Kf5 40.Rc4 Kg4 41.Be3 Bd8 42.Rc1 a5 43.Rg1+ Kf5
44.Rg7 Rd7 45.b3 Ke4 46.Rh7 a4 47.bxa4 Rd3 48.Bf2 Ra3 49.Rxf7 Rxa2+ 50.Kf1 Kf3
51.f5 Rxf2+ 52.Ke1 Ba5+ 53.Kd1 Rd2+ 54.Kc1 exf5 55.Rxf5+ Kg4 56.Rf7 b6 57.e6 Rxh2
58.e7 Re2 59.Kd1 Re1+ 60.Kc2 Kg5  0-1

[Event "ch-MGL"]
[Site "Ulan Bator MGL"]
[Date "2009.04.21"]
[Round "17"]
[White "Enkhsaikhan,B"]
[Black "Khatanbaatar,B"]
[Result "0-1"]
[WhiteElo "2146"]
[BlackElo "2403"]

1.e4 c5 2.c3 Nf6 3.e5 Nd5 4.d4 cxd4 5.Nf3 e6 6.cxd4 d6 7.Bc4 Nc6 8.O-O Be7
9.Qe2 O-O 10.Nc3 Nxc3 11.bxc3 dxe5 12.dxe5 Qa5 13.Qe4 Qa4 14.Bg5 Bd7 15.Rfd1 Rad8
16.Bxe7 Nxe7 17.Qxb7 Qxc4 18.Rxd7 Qxc3 19.Rad1 Rxd7 20.Qxd7 Nc6 21.Qd2 Qxd2
22.Rxd2 Rb8 23.g3 h6 24.Rd6 Rb6 25.Rd3 g5 26.h3 Rb5 27.Rd6 Rb6 28.Rd3 Kg7
29.Kg2 Rb5 30.Rd6 Rb6 31.Rd3 Kg6 32.a3 h5 33.g4 hxg4 34.hxg4 Rb5 35.Rd6 Rc5
36.Rd7 Rc4 37.Kg3 Ra4 38.Rc7 Ra6 39.Kg2 Rb6 40.Rc8 Ne7 41.Rc7 Nd5 42.Rxa7 Nf4+
43.Kg3 Rb3 44.Rd7 Rxa3 45.Rd1 Ne2+ 46.Kg2 Ra4 47.Kh3 Ra8 48.Kg2 Nf4+ 49.Kg1 Ra2
50.Kf1 Ra3 51.Ng1 Ra2 52.Ke1  0-1

[Event "16th ch-Asian Cities Dubai Cup"]
[Site "Beirut LIB"]
[Date "2009.04.22"]
[Round "8"]
[White "Nassar,M"]
[Black "Kassis,A LIB"]
[Result "0-1"]
[WhiteElo "2114"]
[BlackElo "2239"]

1.e4 c5 2.c3 Nf6 3.e5 Nd5 4.d4 cxd4 5.Nf3 e6 6.Qxd4 Nc6 7.Qe4 f5 8.exf6 Nxf6
9.Qh4 Be7 10.Bg5 Qb6 11.b3 Qa5 12.Bd3 Ne5 13.Nxe5 Qxe5+ 14.Kf1 b6 15.Bg6+ hxg6
16.Qxh8+ Kf7 17.Qh3 Ba6+ 18.c4 Qxa1 19.Qd3 Qxa2 20.h4 Bc5 21.Bd2 d5 22.h5 gxh5
23.Rh4 e5 24.Nc3 Qxb3 25.Qf3 Bxc4+ 26.Kg1 Bd4 27.Rh3 Bxc3 28.Bxc3 Qb1+ 29.Kh2 Qe4
30.Qd1 Ng4+ 31.Kg1 Qe2 32.Rf3+ Ke6 33.Qb1 Qf1+ 34.Qxf1 Bxf1 35.Kxf1 Nh2+  0-1

[Event "Algimantas Cesnauskas Mem"]
[Site "Panevezys LAT"]
[Date "2009.04.24"]
[Round "6"]
[White "Kovalev,An"]
[Black "Kveinys,A"]
[Result "1/2-1/2"]
[WhiteElo "2515"]
[BlackElo "2534"]

1.e4 c5 2.c3 Nf6 3.e5 Nd5 4.d4 cxd4 5.Nf3 e6 6.cxd4 d6 7.Nc3 Nxc3 8.bxc3 Qc7
9.Bd2 Nd7 10.exd6 Bxd6 11.Bd3 b6 12.Ng5 Nf6 13.Ne4 Nxe4 14.Bxe4 Bb7 15.Bxb7 Qxb7
16.Qa4+ Qd7 17.Qxd7+ Kxd7  1/2-1/2

[Event "11th Dubai Open"]
[Site "Dubai UAE"]
[Date "2009.04.27"]
[Round "2"]
[White "Gurieli,N"]
[Black "Neverov,V"]
[Result "0-1"]
[WhiteElo "2325"]
[BlackElo "2552"]

1.e4 c5 2.c3 Nf6 3.e5 Nd5 4.Bc4 Nb6 5.Bb3 d5 6.d4 cxd4 7.cxd4 Bf5 8.Ne2 e6
9.Nbc3 Be7 10.Nf4 Nc6 11.h4 Bxh4 12.Nb5 Be7 13.g4 Be4 14.f3 Bg6 15.a3 Qd7
16.Nxg6 fxg6 17.Qd3 O-O-O 18.Bd2 Kb8 19.Kf2 Nc4 20.Bxc4 dxc4 21.Qxc4 a6 22.Nc3 Rhf8
23.Ne2 Nxe5 24.dxe5 Qxd2 25.Rad1 Qxb2 26.Rb1 Qxe5 27.Qxa6 Qd5 28.Rh3 Bc5+
29.Kg2 Rd6  0-1

[Event "2nd Mayors Cup"]
[Site "Mumbai IND"]
[Date "2009.05.01"]
[Round "11"]
[White "Abhishek,D"]
[Black "Prathamesh,S"]
[Result "1/2-1/2"]
[WhiteElo "2286"]
[BlackElo "2407"]

1.e4 c5 2.c3 Nf6 3.e5 Nd5 4.d4 cxd4 5.Nf3 e6 6.cxd4 d6 7.Bc4 Nc6 8.O-O Be7
9.a3 O-O 10.Qe2 Qb6 11.Rd1 Na5 12.Bxd5 exd5 13.Nc3 Be6 14.Bg5 Bxg5 15.Nxg5 dxe5
16.Qxe5 h6 17.Nxe6 fxe6 18.b4 Nc4 19.Nxd5 Nxe5 20.Nxb6 Nf3+ 21.gxf3 axb6
22.Re1 Rf6 23.Re5 Rd8 24.Rd1 Rxf3 25.Rxe6 Rxa3 26.Rxb6 Rd7 27.d5 Rf3 28.d6 Rf6
29.Kg2 Kh7 30.h4 Kg6 31.Rd5 Rf4 32.Kg3 Re4 33.Rdb5 Rd4 34.Rxb7 R7xd6 35.h5+ Kf6
36.R5b6 Rd3+ 37.f3 Rd5 38.Rxd6+ Rxd6 39.Kg4 Rd4+ 40.f4 Rd5 41.b5 Rc5 42.b6 Rb5
43.Rb8 Rb3 44.Kh4 Rb5 45.Kg3 Kf7 46.Kg4 Kf6 47.Kf3 Kf7 48.Ke4 Rxh5 49.f5 Rh1
50.f6 Rb1 51.fxg7 Kxg7 52.Kd5 h5 53.Kc6 Rc1+ 54.Kb7  1/2-1/2

[Event "IV Tch-ESP Selecciones Autonomicas"]
[Site "Villava ESP"]
[Date "2009.05.01"]
[Round "2"]
[White "Redondo Arguelles,Gr"]
[Black "Gonzalez Berruga,A"]
[Result "0-1"]
[WhiteElo "2108"]
[BlackElo "2050"]

1.e4 c5 2.c3 Nf6 3.e5 Nd5 4.g3 d6 5.exd6 Qxd6 6.Bg2 Nc6 7.Na3 Bf5 8.d4 cxd4
9.Nb5 Qe5+ 10.Qe2 O-O-O 11.Nxa7+ Kc7 12.Nxc6 Qxe2+ 13.Nxe2 bxc6 14.Nxd4 Bd3
15.Bf1 Be4 16.f3 Bg6 17.Be2 e5 18.Nb3 h5 19.Kf2 Be7 20.Bd2 h4 21.c4 Nb6 22.Ba5 c5
23.g4 Ra8 24.Rhd1 Ra6 25.Rd2 Rha8 26.Bc3 f6 27.a3 Ra4 28.Rad1 Be8 29.g5 Nxc4
30.Bxc4 Rxc4 31.gxf6 gxf6 32.Rg1 Bf8 33.Rg8 Bf7 34.Rh8 Rxc3 35.bxc3 Bxb3
36.Rh7+ Kc6 37.Rdd7 Rxa3 38.Rc7+ Kd5 39.Rcd7+ Ke6 40.Rd8 Bd6 41.Rxh4 c4 42.Rh7 Bc2
43.Rg7 Bc5+ 44.Kg3 Rxc3 45.h4 Be4 46.Rc7 Rxf3+ 47.Kh2 Bb6 48.Re8+ Kf5 49.Rxc4 Be3
50.h5 Bf4+ 51.Kg1 Rh3 52.Rb4 Rxh5 53.Rg8 Rh4 54.Rg7 Be3+ 55.Kf1 Bd3+  0-1

[Event "2nd Mayors Cup"]
[Site "Mumbai IND"]
[Date "2009.05.02"]
[Round "2"]
[White "Banerjee,S"]
[Black "Neelotpal,D"]
[Result "0-1"]
[WhiteElo "2126"]
[BlackElo "2514"]

1.e4 c5 2.c3 Nf6 3.e5 Nd5 4.d4 cxd4 5.Nf3 e6 6.Bc4 Nc6 7.O-O dxc3 8.Bxd5 c2
9.Qxc2 Nb4 10.Qc4 Nxd5 11.Nc3 Nxc3 12.Qxc3 Be7 13.Bf4 b6  0-1

[Event "2nd Mayors Cup"]
[Site "Mumbai IND"]
[Date "2009.05.02"]
[Round "2"]
[White "Banerjee,S"]
[Black "Neelotpal,D"]
[Result "0-1"]
[WhiteElo "2126"]
[BlackElo "2514"]

1.e4 c5 2.c3 Nf6 3.e5 Nd5 4.d4 cxd4 5.Nf3 e6 6.Bc4 Nc6 7.O-O dxc3 8.Bxd5 c2
9.Qxc2 Nb4 10.Qc4 Nxd5 11.Nc3 Nxc3 12.Qxc3 Be7 13.Bf4 b6 14.Rfd1 Bb7 15.Nd4 O-O
16.Rd2 Bg5 17.Qe3 Bxf4 18.Qxf4 Qe7 19.Rad1 f6 20.h3 fxe5 21.Qxe5 Rac8 22.Ne2 Rc5
23.Qe3 Bc6 24.Nd4 Bb7 25.Ne2 Bc8 26.b4 Rc4 27.a3 Qf6 28.Rd6 Rc2 29.f3 Qb2
30.R1d2 Rf7 31.Ng3 Qc3 32.R2d3 Qa1+ 33.Rd1 Qf6 34.Ne4 Qe5 35.Qd3 Qb2 36.Rd2 Rc1+
37.Kf2 Qe5 38.Qe3 Ba6 39.Ng3 Qxe3+ 40.Kxe3 Rc3+ 41.Kf2 Bb5 42.Ra2 Bc4 43.Ne2 Rcxf3+
44.gxf3 Bxa2 45.a4 Bd5 46.Ke3 Kf8 47.a5 Ke7 48.axb6 Be4 49.Rd4 Bb7 50.bxa7 Rxf3+  0-1

[Event "IV Tch-ESP Selecciones Autonomicas"]
[Site "Villava ESP"]
[Date "2009.05.02"]
[Round "5"]
[White "Redondo Arguelles,Gr"]
[Black "Llaneza Vega,P"]
[Result "1/2-1/2"]
[WhiteElo "2108"]
[BlackElo "2229"]

1.e4 c5 2.c3 Nf6 3.d3 d6 4.Nf3 Nc6 5.Be2 g6 6.Nbd2 Bg7 7.O-O O-O 8.a3 e5
9.b4 h6 10.Bb2 Nh5 11.Re1 Nf4 12.Bf1 g5 13.Nb3 b6 14.Nfd2 Be6 15.Rb1 Rc8
16.d4 exd4 17.cxd4 Nxd4 18.Nxd4 cxd4 19.Nb3 Bxb3 20.Qxb3 Qd7 21.g3 Ng6 22.Rbd1 Qe6
23.Qxe6 fxe6 24.Bxd4 Ne5 25.Bxe5 Bxe5 26.Bh3 Kf7 27.Re2 Ke7 28.Red2 Rc4 29.Bg2 Rfc8
30.Bf3 Rc3 31.Rd3 Rc2 32.R1d2 Rxd2 33.Rxd2 Rc3 34.Be2 Rxa3 35.Rc2 Bc3 36.b5 d5
37.exd5 exd5 38.Kf1 Kf6 39.Bf3 d4 40.Be2 Ke5 41.Bc4 Kd6 42.Ke2 Ra1 43.f4 Kc5
44.Bd3 Re1+ 45.Kf2 Rh1 46.Kf3 Rd1 47.Ke2 Re1+ 48.Kf2 Rh1 49.Kf3 Rd1 50.Ke2 Re1+
51.Kf2 Rh1  1/2-1/2

[Event "Moscow Region Spring GM"]
[Site "Serpukhov RUS"]
[Date "2009.05.03"]
[Round "5"]
[White "Potapov,P"]
[Black "Podolchenko,E"]
[Result "1/2-1/2"]
[WhiteElo "2430"]
[BlackElo "2475"]

1.e4 c5 2.c3 Nf6 3.e5 Nd5 4.Nf3 e6 5.d4 cxd4 6.cxd4 b6 7.Nc3 Nxc3 8.bxc3 Ba6
9.Bxa6 Nxa6 10.O-O Nc7 11.Qb3 d5 12.exd6 Bxd6 13.c4 O-O 14.Be3 Rb8 15.a4 a6
16.Rfd1 Qc8 17.Rab1 Re8 18.h3 h6 19.Qd3 Rd8 20.Qe4 Ne8 21.Rdc1  1/2-1/2

[Event "84th ch-ARG Semifinal"]
[Site "La Plata ARG"]
[Date "2009.05.06"]
[Round "9"]
[White "Barrionuevo,P"]
[Black "Duarte,Le"]
[Result "1-0"]
[WhiteElo "2327"]
[BlackElo "2341"]

1.e4 c5 2.c3 Nf6 3.e5 Nd5 4.d4 cxd4 5.cxd4 e6 6.Nf3 d6 7.a3 Be7 8.Bd3 Bd7
9.O-O Bc6 10.Re1 dxe5 11.dxe5 Nd7 12.b4 a6 13.Nd4 Qb6 14.Nxc6 bxc6 15.Qg4 Kf8
16.Bd2 h5 17.Qc4 Qc7 18.f4 g6 19.Nc3 Qb6+ 20.Kh1 a5 21.Na4 Qc7 22.bxa5 Kg7
23.Rec1 Rhc8 24.Qe4 Qa7 25.Rc2 Nb8 26.Be1 Bd8 27.Bf2 Qxa5 28.Nc5 Ne7 29.Bh4 Qc7
30.Bf6+ Kg8 31.Rb2 Nf5 32.Rb7 Qa5 33.Qc4 Bxf6 34.Rxf7 Nd6 35.Qxe6 Nxf7 36.Qxc8+ Qd8
37.Qe6 Bg7 38.Qxg6 Qe7 39.Ne6 Nd8 40.Qh7+ Kf7 41.Nxg7 Kf8 42.Qh8+ Kf7 43.Bc4+ Kg6
44.f5+  1-0

[Event "2nd Mayors Cup"]
[Site "Mumbai IND"]
[Date "2009.05.06"]
[Round "7"]
[White "Fenil,S"]
[Black "Prathamesh,S"]
[Result "1/2-1/2"]
[WhiteElo "2247"]
[BlackElo "2407"]

1.e4 c5 2.c3 Nf6 3.e5 Nd5 4.d4 cxd4 5.Nf3 e6 6.cxd4 d6 7.a3 Nd7 8.Bd3 dxe5
9.dxe5 g6 10.O-O Bg7 11.Be4 O-O 12.Bxd5 exd5 13.Bg5 Qb6 14.Nc3 Nxe5 15.Nxd5 Qxb2  1/2-1/2

[Event "Moscow Region Spring GM"]
[Site "Serpukhov RUS"]
[Date "2009.05.06"]
[Round "11"]
[White "Potapov,P"]
[Black "Matsenko,S"]
[Result "1/2-1/2"]
[WhiteElo "2430"]
[BlackElo "2435"]

1.e4 c5 2.c3 Nf6 3.e5 Nd5 4.Nf3 Nc6 5.d4 cxd4 6.cxd4 d6 7.Bc4 Nb6 8.Bb5 dxe5
9.Nxe5 Bd7 10.Nxd7 Qxd7 11.O-O e6 12.Nc3 Rd8 13.Bg5 Be7 14.Bxe7  1/2-1/2

[Event "Copenhagen Chess Challenge"]
[Site "Ballerup DEN"]
[Date "2009.05.07"]
[Round "2"]
[White "Veng,J"]
[Black "Pedersen,NicV"]
[Result "1-0"]
[WhiteElo "2240"]
[BlackElo "2417"]

1.e4 c5 2.c3 Nf6 3.e5 Nd5 4.d4 cxd4 5.cxd4 e6 6.Nf3 d6 7.Bc4 Nc6 8.O-O Be7
9.exd6 Qxd6 10.Nc3 O-O 11.Re1 Rd8 12.Bb3 Nxc3 13.bxc3 b5 14.Ng5 Bxg5 15.Bxg5 Ne7
16.Qg4 Rf8 17.Bc2 Ng6 18.h4 Bd7 19.h5 f5 20.Qh3 Nh8 21.Qh4 Rfe8 22.Bf4 Qf8
23.Bb3 Nf7 24.Re3 b4 25.cxb4 Qxb4 26.Rg3 Qf8 27.h6 g6 28.Qf6 Nh8 29.Qh4 Nf7
30.Re1 Qe7 31.Qxe7 Rxe7 32.d5 e5 33.d6 Ree8 34.Rxe5 Kf8 35.Rxe8+ Rxe8 36.Rc3 g5
37.Rc7 Rd8 38.Bxf7 gxf4 39.Bb3 a5 40.Kh2 a4 41.Bc4 f3 42.Kg3 fxg2 43.Kxg2 a3
44.Kg3 Ke8 45.Kf4 Rb8 46.Ke5 Rb2 47.Ra7 Kd8 48.Ra8+ Bc8 49.Ba6 Kd7 50.Rxc8 Rxa2
51.Rc7+ Kd8 52.Ke6  1-0

[Event "XI Open"]
[Site "Salou ESP"]
[Date "2009.05.08"]
[Round "4"]
[White "Cuartas,Ja"]
[Black "Nataf,IA"]
[Result "1/2-1/2"]
[WhiteElo "2518"]
[BlackElo "2533"]

1.e4 c5 2.c3 Nf6 3.e5 Nd5 4.Nf3 Nc6 5.d4 cxd4 6.cxd4 d6 7.Bc4 dxe5 8.dxe5 Ndb4
9.Qb3 e6 10.O-O Na5 11.Bb5+ Bd7 12.Qa4 Bxb5 13.Qxb5+ Nac6 14.Nc3 a6 15.Qe2 Qd3
16.Rd1 Qxe2 17.Nxe2 Be7 18.Bd2 Nd3 19.Bc3 O-O-O 20.Ned4 Nxd4 21.Nxd4 Nf4
22.Kf1 Kb8 23.g3 Nd5 24.Ba5 Rd7 25.Ke2 Rc8 26.f4 Rc4 27.Kf3 b6 28.Be1 Kb7
29.Ne2 Rc2 30.Bc3 Rd8 31.Rac1 Rxc1 32.Rxc1 Rc8 33.Bd4 Rxc1 34.Nxc1 Kc6 35.Nd3 Nb4
36.Nxb4+ Bxb4 37.Ke4 Bc5  1/2-1/2

[Event "Copenhagen Chess Challenge"]
[Site "Ballerup DEN"]
[Date "2009.05.09"]
[Round "6"]
[White "Picard,Ro"]
[Black "De Verdier,M"]
[Result "1/2-1/2"]
[WhiteElo "2339"]
[BlackElo "2229"]

1.e4 c5 2.c3 Nf6 3.e5 Nd5 4.Nf3 Nc6 5.Bc4 Nb6 6.Bb3 d5 7.exd6 Qxd6 8.Na3 Be6
9.d4 c4 10.Bc2 g6 11.O-O Bg7 12.Ng5 Bd5 13.Qg4 f5 14.Qe2 O-O 15.f4 Rac8 16.Be3 a6
17.Rad1 h6 18.Nh3 Kh7 19.Kh1 Qe6 20.Nb1 Nd7 21.Qf2 Nf6 22.Qh4 Kg8 23.Rde1 Ng4
24.Bg1 Qf6 25.Qg3 Qf7 26.Nd2 Nf6 27.Re2 b5 28.Qe1 Rcd8 29.Bf2 Rd6 30.Bh4 Rfd8
31.Ng1 Re6 32.Ngf3 Rxe2 33.Qxe2 Qe6 34.Qxe6+ Bxe6 35.Re1 Kf7 36.Bxf6  1/2-1/2

[Event "Copenhagen Chess Challenge"]
[Site "Ballerup DEN"]
[Date "2009.05.10"]
[Round "8"]
[White "Eriksson,C"]
[Black "Nielsen,Le"]
[Result "1/2-1/2"]
[WhiteElo "2122"]
[BlackElo "1925"]

1.e4 c5 2.c3 Nf6 3.e5 Nd5 4.Nf3 Nc6 5.Bc4 Nb6 6.Bb3 c4 7.Bc2 g6 8.O-O Bg7
9.Re1 O-O 10.b3 d5 11.exd6 Qxd6 12.bxc4 Nxc4 13.Qe2 Be6 14.Bb3 b5 15.d3 N4e5
16.Bf4 Bg4 17.Bxe5 Nxe5 18.d4 Nxf3+ 19.gxf3 Bh3 20.Qe3 b4 21.Rd1 Rac8 22.a3 bxc3
23.Nxc3 Qf6 24.Ne4 Qh4 25.Rd3 Bh6 26.Qe2 Bf4 27.Ng3 Bf5 28.Rdd1 Rc3 29.Qa2 Rxf3
30.Bd5 Rc3 31.Bg2 Rc2 32.Qd5 e6 33.Qb7 Rb8 34.Qxa7 Rbb2 35.Qa8+ Kg7 36.Qf3 Rxf2
37.Qxf2 Rxf2 38.Kxf2 Bg4 39.Rd3 Qf6 40.Kg1 Bf5 41.Nxf5+ Qxf5 42.Bf1 Qe4 43.h3 Be3+
44.Kh2 h5 45.Rad1 h4 46.a4 Bf4+ 47.Kg1 Qd5 48.Ra1 Qa5 49.Bg2 Qa6 50.Bf1 Qa5
51.Bg2 g5 52.d5 exd5 53.Rxd5 Qc3 54.Rad1 Qg3 55.R5d3 Be3+ 56.Kh1 g4 57.hxg4 h3
58.Bd5 Qxg4 59.Bc6 Qc4 60.Bd5 Qxa4 61.Rf1 Bf4 62.Rdf3 Qd4  1/2-1/2

[Event "Mitropa Cup"]
[Site "Rogaska Slatina SLO"]
[Date "2009.05.10"]
[Round "2"]
[White "Pavasovic,D"]
[Black "Erdos,V"]
[Result "1-0"]
[WhiteElo "2607"]
[BlackElo "2581"]

1.e4 c5 2.c3 Nf6 3.e5 Nd5 4.Nf3 e6 5.Bc4 Nc6 6.d4 cxd4 7.cxd4 d6 8.Qe2 Be7
9.O-O O-O 10.Nc3 dxe5 11.dxe5 Nxc3 12.bxc3 Qa5 13.Bd2 Rd8 14.Rfe1 Qa4 15.Bb3 Qg4
16.Bc2 Bd7 17.Rad1 Qh5 18.h3 Rac8 19.Kh2 f5 20.exf6 Bxf6 21.Bg5 Kh8 22.Qe4 e5
23.Rd6 Bxg5 24.Nxg5 Be8 25.g4 Qh4 26.Qf3 Bh5 27.Rh6 Qxg5 28.Rxh7+ Kg8 29.Rxh5 Qf4+
30.Qxf4 exf4 31.Bb3+  1-0

[Event "XI Open"]
[Site "Salou ESP"]
[Date "2009.05.11"]
[Round "7"]
[White "Khamrakulov,I"]
[Black "Nataf,IA"]
[Result "1/2-1/2"]
[WhiteElo "2552"]
[BlackElo "2533"]

1.e4 c5 2.c3 Nf6 3.e5 Nd5 4.Bc4 Nb6 5.Bb3 Nc6 6.d4 cxd4 7.cxd4 d5 8.exd6 Qxd6
9.Nf3 Be6 10.Nc3 Bxb3 11.Qxb3 e6  1/2-1/2

[Event "CICC Open"]
[Site "Calgary CAN"]
[Date "2009.05.15"]
[Round "2"]
[White "Peter,St"]
[Black "Castellanos Rodriguez,R"]
[Result "0-1"]
[WhiteElo "2264"]
[BlackElo "2446"]

1.e4 c5 2.c3 Nf6 3.e5 Nd5 4.Nf3 e6 5.d4 cxd4 6.cxd4 d6 7.a3 Bd7 8.Bd3 Bc6
9.O-O Nd7 10.Re1 Be7 11.b4 a6 12.Nbd2 Nc3 13.Qb3 Rc8 14.Qxc3 Bxf3 15.Qb3 Bd5
16.Qd1 Qc7 17.Bb2 O-O 18.Rc1 Qb8 19.Qe2 b5 20.f4 dxe5 21.dxe5 Rfd8 22.Rxc8 Rxc8
23.f5 exf5 24.Bxf5 Be6 25.Bb1 Nb6 26.Bd4 Nc4 27.Nxc4 Rxc4 28.Qf2 Qd8 29.Bb6 Qc8
30.Bd4 Qd7 31.Bb2 Bh4 32.g3 Bd8 33.Ba2 Rc6 34.Bxe6 Qxe6 35.Bd4 h5 36.Bc5 h4
37.Qf3 Rc8 38.Re2 Bb6 39.Bxb6 Rc1+ 40.Kf2 Qxb6+ 41.Qe3 Qxe3+ 42.Rxe3 Rc2+
43.Re2 hxg3+ 44.hxg3 Rc6 45.Kf3 Kf8 46.Re3 Ke7 47.Ke4 Ke6 48.Kd3 Kd5 49.Rf3 Rc7
50.Re3 Re7 51.Re4 Rxe5 52.Rg4 g5 53.Rd4+ Ke6  0-1

[Event "8th Asian Continental Open"]
[Site "Subic Bay PHI"]
[Date "2009.05.18"]
[Round "6"]
[White "Causo,D"]
[Black "Zhang Ziyang"]
[Result "0-1"]
[WhiteElo "2367"]
[BlackElo "2419"]

1.e4 c5 2.c3 Nf6 3.e5 Nd5 4.d4 cxd4 5.cxd4 Nc6 6.Nc3 Nxc3 7.bxc3 d6 8.f4 dxe5
9.fxe5 Bf5 10.Nf3 e6 11.Bd3 Bxd3 12.Qxd3 Be7 13.O-O O-O 14.Qe4 Qd5 15.Qg4 f5
16.Qg3 Rac8 17.Bg5 Rc7 18.Bf6 Ba3 19.Rf2 Kh8 20.Bg5 b5 21.Ne1 h6 22.Bc1 Bxc1
23.Rxc1 Rfc8 24.Rd1 Ne7 25.Rd3 b4 26.cxb4 Rc1 27.Rf1 Qxa2 28.h4 Nd5 29.Qg6 Qe2
30.Qxe6 Ne3 31.Rxe3 Qxe3+ 32.Kh2 Qxd4 33.Qxf5 Qxh4+ 34.Kg1 Re8 35.Nf3 Rxf1+
36.Kxf1 Qxb4 37.Kg1 a5 38.Qh5 Rc8 39.Ng5 Qe1+  0-1

[Event "VI Moncada Open"]
[Site "Santiago de Cuba CUB"]
[Date "2009.05.19"]
[Round "4"]
[White "Quezada,L"]
[Black "Borges Feria,Y"]
[Result "0-1"]
[WhiteElo "2331"]
[BlackElo "2403"]

1.e4 c5 2.c3 Nf6 3.e5 Nd5 4.g3 Nc6 5.Bg2 e6 6.Nf3 d6 7.exd6 Bxd6 8.d4 O-O
9.O-O cxd4 10.Nxd4 Nxd4 11.Qxd4 Qc7 12.Nd2 Bd7 13.Ne4 Be5 14.Qd3 Rac8 15.Ng5 g6
16.Qe4 Bg7 17.Re1 Qc4 18.Qb1 Bc6 19.Ne4 Qa4 20.Bg5 h6 21.Bd2 Ne7 22.Qc1 Nf5
23.Nc5 Qc4 24.Bxc6 Rxc6 25.Nb3 Rd6 26.Bf4 Rd5 27.Qc2 Rfd8 28.Re4 Qc6 29.Rae1 a5
30.Qe2 a4 31.Nc1 g5 32.Be3 Nxe3 33.Qxe3 a3 34.bxa3 Bxc3 35.Rf1 Rd1 36.Qf3 Rxf1+
37.Kxf1 f5 38.Ne2 Rd1+ 39.Kg2 Qxe4 40.Qxe4 fxe4 41.Nxc3 Rd3 42.Nxe4 Rxa3
43.Nc5 b5  0-1

[Event "18th CRO-Cup"]
[Site "Sibenik CRO"]
[Date "2009.05.22"]
[Round "3"]
[White "Sermek,D"]
[Black "Jankovic,A"]
[Result "1/2-1/2"]
[WhiteElo "2525"]
[BlackElo "2540"]

1.e4 c5 2.c3 Nf6 3.e5 Nd5 4.Nf3 Nc6 5.Bc4 e6 6.d4 cxd4 7.cxd4 d6 8.O-O Be7
9.exd6 Qxd6 10.Nc3 O-O 11.Re1 Rd8 12.Bb3 a6 13.Qe2 b6 14.Bd2 Nf6 15.Rad1 Nxd4
16.Nxd4 Qxd4 17.Qf3 Ra7 18.Be3 Qb4 19.Qc6 Bb7 20.Qxb6 Raa8 21.a3  1/2-1/2

[Event "8th Asian Continental Open"]
[Site "Subic Bay PHI"]
[Date "2009.05.22"]
[Round "10"]
[White "Moradiabadi,E"]
[Black "Xiu Deshun"]
[Result "1-0"]
[WhiteElo "2526"]
[BlackElo "2422"]

1.e4 c5 2.c3 Nf6 3.e5 Nd5 4.g3 d6 5.exd6 Qxd6 6.Bg2 Nc6 7.Ne2 Bg4 8.h3 Bh5
9.Na3 O-O-O 10.O-O e5 11.Re1 f5 12.d3 Nb6 13.Bg5 Rd7 14.g4 Bg6 15.d4 fxg4
16.hxg4 cxd4 17.cxd4 Nxd4 18.Nxd4 Qxd4 19.Rc1+ Kb8 20.Qxd4 exd4 21.Nb5 a6
22.Bf4+ Ka8 23.Re6 axb5 24.Rxb6 Ka7 25.Rxb5 Bd3 26.Ra5+ Ba6 27.Rc8 Bd6 28.Rxh8 Bxf4
29.Rf8 g5 30.Rd5 Rc7 31.Rxf4 gxf4 32.Rxd4 Rc1+ 33.Kh2 Rc2 34.Rxf4 Rxb2 35.Bd5 Bd3
36.Kg3 b5 37.Rd4 Bb1 38.a3 Kb6 39.Rb4 Rxb4 40.axb4 Kc7 41.Kf4 Kd6 42.Be4  1-0

[Event "ch-UKR w"]
[Site "Evpatoria UKR"]
[Date "2009.05.25"]
[Round "3"]
[White "Mamedova,L"]
[Black "Breslavska,G"]
[Result "1-0"]
[WhiteElo "2003"]
[BlackElo "2202"]

1.e4 c5 2.c3 Nf6 3.e5 Nd5 4.d4 cxd4 5.cxd4 Nc6 6.Nf3 d6 7.Bc4 e6 8.O-O Be7
9.a3 O-O 10.Qe2 Nb6 11.Bd3 dxe5 12.dxe5 Nd4 13.Nxd4 Qxd4 14.Rd1 Qc5 15.Qe4 g6
16.Bh6 Rd8 17.Nc3 Bd7 18.Rac1 Bc6 19.Qe2 Qd4 20.Bxg6 Qh4 21.Bh5 Kh8 22.Be3 Qc4
23.Bxb6 Qxe2 24.Nxe2 axb6 25.Bxf7 Rf8 26.Bxe6 Bc5 27.Rf1 Rae8 28.Bc4 Rxe5
29.b4 Rg5 30.g3 Be7 31.f4 Rg7 32.Nd4 Ra8 33.Nf5 Bf6 34.b5 Be4 35.Nxg7 Bd4+
36.Rf2 Kxg7 37.Kf1 Bxf2 38.Kxf2 Rxa3 39.Re1 Bd3 40.Re3  1-0

[Event "ch-UKR w"]
[Site "Evpatoria UKR"]
[Date "2009.05.27"]
[Round "5"]
[White "Goreskul,A"]
[Black "Horoschavina,O"]
[Result "1/2-1/2"]
[WhiteElo "2248"]
[BlackElo "2073"]

1.e4 c5 2.c3 Nf6 3.e5 Nd5 4.Nf3 e6 5.Bc4 Nb6 6.Bb3 d6 7.exd6 Bxd6 8.d4 cxd4
9.cxd4 O-O 10.O-O h6 11.Nc3 Nc6 12.Re1 Bb8 13.a3 Nd7 14.Bc2 Nf6 15.Qd3 Ne7
16.Bd2 b6 17.Ne4 Ned5 18.Ne5 Nxe4 19.Qxe4 f5 20.Qf3 Bb7 21.Qg3 Rf6 22.Ba4 b5
23.Bxb5 Qb6 24.Qd3 a6 25.Ba4 Bxe5 26.Rxe5 Rg6 27.f3 Rd8 28.Rd1 Ba8 29.b4 Nc7
30.Bc3 Nd5 31.Bd2 Nc7 32.Be1 Nd5 33.Bd2 Nc7  1/2-1/2

[Event "Subic Open"]
[Site "Subic PHI"]
[Date "2009.05.28"]
[Round "5"]
[White "Andador,R"]
[Black "Salcedo,Ri"]
[Result "1-0"]
[WhiteElo "2286"]
[BlackElo "2203"]

1.e4 c5 2.c3 Nf6 3.e5 Nd5 4.Bc4 Nb6 5.Bb3 Nc6 6.Nf3 g6 7.d4 cxd4 8.cxd4 Bg7
9.Ng5 O-O 10.Be3 h6 11.Ne4 d6 12.f4 Na5 13.Bc2 Nac4 14.Bc1 Nd5 15.Bb3 b5
16.Nbc3 Qa5 17.Qe2 Bb7 18.O-O Rac8 19.Kh1 Qb6 20.a4 b4 21.Bxc4 Nxc3 22.bxc3 d5
23.Nc5 dxc4 24.Nd7 Qc6 25.Nxf8 Bxf8 26.f5 bxc3 27.fxg6 fxg6 28.Ra3 Qe4 29.Qf2 c2
30.Re3 Qd5 31.Rg3 Kh7 32.Qxc2 Qe4 33.Qf2 Bg7 34.Re1 Rf8 35.Qd2 Qh4 36.Kg1 Bd5
37.Qe3 Rf5 38.h3 e6 39.Rg4 Qd8 40.Bd2 Qe8 41.a5 h5 42.Rg3 Bf8 43.Qe2 Qd8
44.Rf1 Rxf1+ 45.Qxf1 Be4 46.Qf7+ Bg7 47.Qxa7 Qh4 48.Kh2  1-0